000
00324nam a2200109Ia 4500
008
171211s9999 xx 000 0 und d
245
_a
From Economics Imperialism to Freakonomics
245
_c
Ben Fine and Dimitris Milonakis
260
_c
2009
650
_x
ECONOMICS
856
_u
http://down.ebook777.com/062/0415423236.pdf
999
_c
349602
_d
349602